All 2022 WTA Champions - Statistics

General Stats
  • This quiz has been taken 56 times
  • The average score is 31 of 55
Answer Stats
Tournament Category Champion % Correct
Roland Garros Grand Slam Iga Świątek
100%
US Open Grand Slam Iga Świątek
100%
Doha Masters 1000 Iga Świątek
100%
Indian Wells Masters 1000 Iga Świątek
100%
Miami Masters 1000 Iga Świątek
100%
Rome Masters 1000 Iga Świątek
100%
Stuttgart WTA 500 Iga Świątek
100%
San Diego WTA 500 Iga Świątek
100%
Wimbledon Grand Slam Elena Rybakina
96%
Australian Open Grand Slam Ashleigh Barty
91%
Adelaide 1 WTA 500 Ashleigh Barty
91%
Ostrava WTA 500 Barbora Krejčíková
84%
Tallinn WTA 250 Barbora Krejčíková
84%
Madrid Masters 1000 Ons Jabeur
80%
Berlin WTA 500 Ons Jabeur
80%
Cincinnati Masters 1000 Caroline Garcia
78%
Fort Worth WTA Finals Caroline Garcia
78%
Bad Homburg WTA 250 Caroline Garcia
78%
Guadalajara Masters 1000 Jessica Pegula
78%
Warsaw WTA 250 Carolina Garcia
76%
Toronto Masters 1000 Simona Halep
71%
Melbourne 1 WTA 250 Simona Halep
71%
Charleston WTA 500 Belinda Bencic
64%
Dubai WTA 500 Jeļena Ostapenko
58%
Eastbourne WTA 500 Petra Kvitová
58%
Strasbourg WTA 250 Angelique Kerber
53%
San Jose WTA 500 Daria Kasatkina
49%
Granby WTA 250 Daria Kasatkina
49%
Sydney WTA 500 Paula Badosa
49%
Adelaide 2 WTA 250 Madison Keys
47%
Guadalajara WTA 250 Sloane Stephens
44%
St. Petersburg WTA 500 Anett Kontaveit
42%
Monastir WTA 250 Elise Mertens
40%
Tokyo WTA 500 Liudmila Samsonova
40%
Washington WTA 250 Liudmila Samsonova
40%
Cleveland WTA 250 Liudmila Samsonova
40%
Nottingham WTA 250 Beatriz Haddad Maia
38%
Birmingham WTA 250 Beatriz Haddad Maia
38%
Monterrey WTA 250 Leylah Fernandez
38%
Rosmalen WTA 250 Ekaterina Alexandrova
36%
Seoul WTA 250 Ekaterina Alexandrova
36%
Portoroz WTA 250 Kateřina Siniaková
33%
Melbourne 2 WTA 250 Amanda Anisimova
31%
Rabat WTA 250 Martina Trevisan
31%
Bogota WTA 250 Tatjana Maria
31%
Lausanne WTA 250 Petra Martić
29%
Istanbul WTA 250 Anastasia Potapova
27%
Prague WTA 250 Marie Bouzková
27%
Chennai WTA 250 Linda Fruhvirtová
24%
Palermo WTA 250 Irina-Camelia Begu
22%
Parma WTA 250 Mayar Sherif
22%
Budapest WTA 250 Bernarda Pera
20%
Hamburg WTA 250 Bernarda Pera
20%
Cluj-Napoca WTA 250 Anna Blinkova
16%
Lyon WTA 250 Zhang Shuai
13%
No matching quizzes found
Score Distribution
Percent of People with Each Score
Percentile by Number Answered
Your Score History
You have not taken this quiz